000 01023nam a2200481Ia 4500
001 11550
003 22824
005 20240715172408.0
008 ||||||n9999 ||| || ||
020 _a968230301X
041 _aspa
082 _219
_a863.4
100 _aCarpentier, Alejo
_919064
245 0 _aEl recurso del método
_bnovela
250 _aVigésima edición
260 _aMéxico :
_bSiglo Veintiuno Editores,
_c1980.
300 _a346p
490 _aLa creación literaria
562 _e1
650 _aNOVELA CUBANA
_919066
942 _cBKM
942 _cBKM
999 _c11550
_d11550
526 _a
526 _a17598
526 _a102617
526 _a102618
526 _a15794
526 _a102619
526 _a1703
526 _a102620
526 _a10406
526 _a105630
526 _a1698
526 _a116204
526 _a51868
526 _a4969
526 _a19790
526 _a104436
526 _a5144
526 _a1697
526 _a3899
526 _a9683